Tretí energetický balíček Únie prichádza
Informovanosť a transparentonosť investícií do elektroenergetických prenosových sústav na celoeurópskej a regionálnej úrovni. Energetická bezpečnosť v súlade s desaťročným plánom rozvoja sústavy ENTSO-E (European Network of Transmission System Operators for Electricity).
Saved in:
| Main Author: | |
|---|---|
| Format: | Book Chapter |
| Language: | Slovak |
| Subjects: | |
| Tags: |
No Tags, Be the first to tag this record!
|
MARC
| LEADER | 00000naa a2200000 4500 | ||
|---|---|---|---|
| 001 | 0189013 | ||
| 005 | 20250701084135.2 | ||
| 041 | 0 | |a slo | |
| 044 | |a SK | ||
| 245 | 1 | 0 | |a Tretí energetický balíček Únie prichádza |c Marián Hudec |
| 520 | |a Informovanosť a transparentonosť investícií do elektroenergetických prenosových sústav na celoeurópskej a regionálnej úrovni. Energetická bezpečnosť v súlade s desaťročným plánom rozvoja sústavy ENTSO-E (European Network of Transmission System Operators for Electricity). | ||
| 610 | 2 | 0 | |a Európska únia |
| 610 | 2 | 0 | |a energetika |
| 610 | 2 | 0 | |a hospodárstvo energetické |
| 610 | 2 | 0 | |a náročnosť energetická |
| 610 | 2 | 0 | |a investície |
| 610 | 2 | 0 | |a bezpečnosť energetická |
| 100 | 1 | |a Hudec, Marián | |